Swami vivekananda in the west / (Record no. 157977)

MARC details
000 -LEADER
fixed length control field 00679nam a22002057a 4500
005 - DATE AND TIME OF LATEST TRANSACTION
control field 20181014113659.0
010 ## - LCCN (DPL NO)
LC control number ENG-124267
020 ## - INTERNATIONAL STANDARD BOOK NUMBER
Terms of availability 240.00
035 ## - SYSTEM CONTROL NUMBER
System control number EN-107799
037 ## - SOURCE OF ACQUISITION
Source of stock number/acquisition DBAD/PUB.
082 ## - DEWEY DECIMAL CLASSIFICATION NUMBER
Classification number 181.46
100 ## - MAIN ENTRY--PERSONAL NAME
Personal name Chattopadhyaya, Rajagopal
245 ## - TITLE STATEMENT
Title Swami vivekananda in the west /
Statement of responsibility, etc by Rajagopal Chattopadhyaya
250 ## - EDITION STATEMENT
Edition statement 3rd edition
260 ## - PUBLICATION, DISTRIBUTION, ETC. (IMPRINT)
Place of publication, distribution, etc Calcutta
Name of publisher, distributor, etc Rajagopal Chattopadhyaya
Date of publication, distribution, etc 2012
270 ## - ADDRESS
Address BF-308, Salt Lake, Sector-1
City Calcutta
Postal code 700064
300 ## - PHYSICAL DESCRIPTION
Extent 260p.
Dimensions 21cm(Hb)
Other physical details ill.
500 ## - GENERAL NOTE
General note It includes chronological record, select bibliography, index and chronological apendices
942 ## - ADDED ENTRY ELEMENTS (KOHA)
Source of classification or shelving scheme Dewey Decimal Classification
Item type English Books
Call number suffix CHA
Classification part 181.46
Holdings
Withdrawn status Lost status Not for loan Collection code Home library Current library Date acquired Source of acquisition Cost, normal purchase price Full call number Barcode Copy number Cost, replacement price Koha item type
    Not For Loan Non-fiction D.B.Act.Division Bawana 14/10/2018 DBAD/PUB 240.00 181.46 CHA EN-107799 1 240.00 English Books

© Delhi Public Library
Hit Counter
free hit counter